A bird like himself / (Record no. 9474)
[ view plain ]
| 000 -LEADER | |
|---|---|
| fixed length control field | 01315nam a22002897a 4500 |
| 001 - CONTROL NUMBER | |
| control field | 9474 |
| 003 - CONTROL NUMBER IDENTIFIER | |
| control field | FISKH |
| 005 - DATE AND TIME OF LATEST TRANSACTION | |
| control field | 20260114084613.0 |
| 008 - FIXED-LENGTH DATA ELEMENTS--GENERAL INFORMATION | |
| fixed length control field | 260114b cb ||||| |||| 00| 0 eng d |
| 020 ## - INTERNATIONAL STANDARD BOOK NUMBER | |
| International Standard Book Number | 9781910328026 |
| 040 ## - CATALOGING SOURCE | |
| Original cataloging agency | FISKH |
| Language of cataloging | eng |
| Transcribing agency | FISKH |
| Modifying agency | FISKH |
| 050 ## - LIBRARY OF CONGRESS CALL NUMBER | |
| Classification number | PS3600 |
| 082 ## - DEWEY DECIMAL CLASSIFICATION NUMBER | |
| Classification number | 891.5534 |
| 100 ## - MAIN ENTRY--PERSONAL NAME | |
| Personal name | Teymorian, Anahita |
| Relator term | Author |
| 245 ## - TITLE STATEMENT | |
| Title | A bird like himself / |
| Statement of responsibility, etc. | Anahita Teymorian |
| 260 ## - PUBLICATION, DISTRIBUTION, ETC. | |
| Place of publication, distribution, etc. | London : |
| Name of publisher, distributor, etc. | Tiny Owl Publishing Ltd , |
| Date of publication, distribution, etc. | 2015 |
| 300 ## - PHYSICAL DESCRIPTION | |
| Extent | 28 unnumbered pages : |
| Other physical details | color illustrations ; |
| Dimensions | 26 cm |
| 505 ## - FORMATTED CONTENTS NOTE | |
| Formatted contents note | N<br/> |
| 520 ## - SUMMARY, ETC. | |
| Summary, etc. | What happens when a bird is raised by cows, sheep, and elephants? Baby the bird is raised by animals of all species, who lovingly provide play, food, and care as he grows up. However, there's one thing they can't do--teach the little bird to fly. When Baby meets a bird like himself, he realizes that the ability to fly was always inside him. This heartwarming book combines whimsical illustrations with a heartwarming story about nontraditional families, accepting differences, and realizing one's abilities. |
| 521 8# - TARGET AUDIENCE NOTE | |
| Target audience note | 530<br/> |
| Source | Lexile AD<br/> |
| 521 8# - TARGET AUDIENCE NOTE | |
| Target audience note | N<br/> |
| Source | Raz-Plus<br/> |
| 650 ## - SUBJECT ADDED ENTRY--TOPICAL TERM | |
| Topical term or geographic name entry element | Picture book |
| Form subdivision | Bird |
| 650 ## - SUBJECT ADDED ENTRY--TOPICAL TERM | |
| Topical term or geographic name entry element | Heartwarming story |
| Form subdivision | Accepting differences |
| 700 ## - ADDED ENTRY--PERSONAL NAME | |
| Personal name | Javanmard, Elahe |
| Relator term | Illustrator |
| 942 ## - ADDED ENTRY ELEMENTS (KOHA) | |
| Source of classification or shelving scheme | Dewey Decimal Classification |
| Koha item type | Books |
| Suppress in OPAC | No |
| Withdrawn status | Lost status | Source of classification or shelving scheme | Damaged status | Not for loan | Collection | Home library | Current library | Shelving location | Date acquired | Total Checkouts | Full call number | Barcode | Date last seen | Copy number | Price effective from | Koha item type |
|---|---|---|---|---|---|---|---|---|---|---|---|---|---|---|---|---|
| Dewey Decimal Classification | Juvenile Fiction | Footprints International School Library Network Toul Tom Poung Campus | Footprints International School Library Network Toul Tom Poung Campus | TTP Primary Yellow Bookshelves | 01/14/2026 | TEY 891.5534 PS3600 | 2026-0030 | 01/14/2026 | 1 | 01/14/2026 | Books |
